Eastern Utah Libraries Catalog: Duchesne, Heber, Roosevelt, & Vernal

On the Hippie Trail : (Record no. 404526)

MARC details
000 -LEADER
fixed length control field 01843nam a2200397 i 4500
001 - CONTROL NUMBER
control field in902934961
003 - CONTROL NUMBER IDENTIFIER
control field Ingram
005 - DATE AND TIME OF LATEST TRANSACTION
control field 20250214164032.0
008 - FIXED-LENGTH DATA ELEMENTS--GENERAL INFORMATION
fixed length control field 250203s2025 cauab 000 0deng d
020 ## - INTERNATIONAL STANDARD BOOK NUMBER
International Standard Book Number 9781641716437
Qualifying information (hardcover)
035 ## - SYSTEM CONTROL NUMBER
System control number (OCoLC)1437985081
040 ## - CATALOGING SOURCE
Original cataloging agency TnLvILS
Language of cataloging eng
Transcribing agency TnLvILS
Description conventions rda
043 ## - GEOGRAPHIC AREA CODE
Geographic area code a------
-- aw-----
-- a-ii---
092 ## - LOCALLY ASSIGNED DEWEY CALL NUMBER (OCLC)
Classification number general nonfiction
Item number 910 Steves
100 1# - MAIN ENTRY--PERSONAL NAME
Personal name Steves, Rick,
Dates associated with a name 1955-
Relator term author.
9 (RLIN) 13933
245 10 - TITLE STATEMENT
Title On the Hippie Trail :
Remainder of title Istanbul to Kathmandu and the making of a travel writer /
Statement of responsibility, etc Rick Steves.
246 30 - VARYING FORM OF TITLE
Title proper/short title Istanbul to Kathmandu and the making of a travel writer.
250 ## - EDITION STATEMENT
Edition statement First edition.
264 #1 - Production, Publication, Distribution, Manufacture, and Copyright Notice.
Place of production, publication, distribution, manufacture Oakland, CA :
Name of producer, publisher, distributor, manufacturer Avalon Travel/Hachette Book Group,
Date of production, publication, distribution, manufacture, or copyr [2025]
300 ## - PHYSICAL DESCRIPTION
Extent 247 pages :
Other physical details color illustrations, color map ;
Dimensions 23 cm.
336 ## - Content Type
Content type term text
336 ## - Content Type
Content type term still image
336 ## - Content Type
Content type term cartographic image
337 ## - Media type
Media type term unmediated
338 ## - Carrier type
Carrier type term volume
500 ## - GENERAL NOTE
General note cTwo-page gatefolds for color map is in center of book.
500 ## - GENERAL NOTE
General note "This book is an edited transcription of Rick's journal and travel photos with a 45-years-later preface and postscript reflecting on how the journey changed his life."--Dust jacket flap.
520 ## - SUMMARY, ETC.
Summary, etc Stow away with Rick Steves for a glimpse into the unforgettable moments, misadventures, and memories of his 1978 journey on the legendary Hippie Trail.
600 10 - SUBJECT ADDED ENTRY--PERSONAL NAME
Personal name Steves, Rick,
Dates associated with a name 1955-
General subdivision Travel.
9 (RLIN) 6539018
650 #0 - SUBJECT ADDED ENTRY--TOPICAL TERM
Topical term or geographic name as entry element Travel writers
Form subdivision Biography.
9 (RLIN) 6539019
650 #0 - SUBJECT ADDED ENTRY--TOPICAL TERM
Topical term or geographic name as entry element Voyages and travels.
650 #0 - SUBJECT ADDED ENTRY--TOPICAL TERM
Topical term or geographic name as entry element Hippies
Form subdivision Biography.
9 (RLIN) 6539020
651 #0 - SUBJECT ADDED ENTRY--GEOGRAPHIC NAME
Geographic name Asia
General subdivision Description and travel
-- History
Chronological subdivision 20th century.
9 (RLIN) 6539021
651 #0 - SUBJECT ADDED ENTRY--GEOGRAPHIC NAME
Geographic name Middle East
General subdivision Description and travel
-- History
Chronological subdivision 20th century.
9 (RLIN) 6539022
942 ## - ADDED ENTRY ELEMENTS (KOHA)
Source of classification or shelving scheme Dewey Decimal Classification
Koha item type BOOK
Holdings
Withdrawn status Lost status Source of classification or shelving scheme Damaged status Not for loan Collection code Home library Current library Shelving location Date acquired Source of acquisition Total Checkouts Total Renewals Full call number Barcode Checked out Date last seen Date checked out Cost, replacement price Price effective from Koha item type
  Long Overdue (Lost) Dewey Decimal Classification     General NonFiction Wasatch County Library Wasatch County Library Second Floor 02/14/2025 Amazon 7 5 910 Steves 34301002145912 09/16/2025 07/21/2025 07/21/2025 30.00 02/14/2025 BOOK
This project was made possible through a grant from the Institute of Museum and Library Service administered by the Utah State Library Division.

Wasatch County Library

  • 465 East 1200 South, Heber City, Utah 84032
  • Phone 435-654-1511 | Fax 435-654-6456

Hours

  • Monday - Friday 9:30 AM - 8:00 PM
  • Saturday 9:30 AM - 1:30 PM
  • Closed Sundays and Holidays